000 01515nam a2200277Ia 4500
999 _c56110
_d56110
001 23211
003 GE_BSU
005 20251015213215.0
008 181216s1956||||ge |||||||||||||| ||geo||
040 _cGE_BSU
041 _ageo
080 _a94(479.22.25)+325.8(479.22.25) ა-97
100 _aახვლედიანი, ხ.
_926037
245 _aსახალხო-განმანთავისუფლებელი ბრძოლის ისტორიიდან სამხრეთ საქართველოში /
_c ხ. ახვლედიანი ; რედაქტორი მ. დუმბაძე ;
264 _aბათუმი :
_bსახელმწიფო გამ-ბა,
_c1956.
300 _a299 გვ. :
_bილ. ;
_c22 სმ.
500 _aახლავს ჰაიდარ აბაშიძის მინაწერი
501 _aახლავს ირაკლი ანდღულაძის მინაწერი
504 _aბიბლიოგრ. შენიშვნებში
541 _h2ლ.40თ.
653 _aისტორია
653 _aსამხრეთ საქართველოს ისტორია
653 _a სახალხო-განმათავისუფლებელი ბრძოლა სამხრეთ საქართველოში
700 _aდუმბაძე, მ.
_e რედაქტორი
_926038
942 _cBK
_2udc